000 00586nam a2200145 i 4500
001 72669
003 ES-MaACL
005 20230906171519.0
007 t|
008 040902s1965 fr ||||1| fre d
245 0 0 _aGlassaire de termes relatifs aux pratiques commerciales restrictives
_b: = Glssary of terms relating to restrictive business practices /
_cOrganisation de coopération et de développement économiques = Organisation for Economic Co-operation and Developpement.
260 _aParis :
_bOCDE,
_c1965.
300 _a95 p. ;
_c24 cm.
852 _aES-MaACL
_jL-10252
_bR.112363
999 _c72669
_d72669